Agro-technical developments and market trends for selected protein-rich feedingstuffs in the ECE region <the> cases of rapeseed meal, field beans and lupins
Salvato in:
| Natura: | Libro |
|---|---|
| Lingua: | inglese |
| Pubblicazione: |
Geneva
United Nations
1984
|
| Tags: |
Nessun Tag, puoi essere il primo ad aggiungerne!!
|
MARC
| LEADER | 00000nam a2200000 4500 | ||
|---|---|---|---|
| 001 | c109058 | ||
| 005 | 20221207064434.9 | ||
| 041 | 0 | |a eng | |
| 044 | |a US | ||
| 245 | 1 | 0 | |a Agro-technical developments and market trends for selected protein-rich feedingstuffs in the ECE region |b <the> cases of rapeseed meal, field beans and lupins |
| 264 | 1 | |a Geneva |b United Nations |c 1984 | |
| 300 | |a 43 s. | ||